Ecosystems and human health : (Record no. 104733)
[ view plain ]
| 000 -CABECERA | |
|---|---|
| campo de control de longitud fija | 00990nam a2200325 a 4500 |
| 001 - NÚMERO DE CONTROL | |
| campo de control | 000108271 |
| 003 - IDENTIFICADOR DEL NÚMERO DE CONTROL | |
| campo de control | CHAP |
| 005 - FECHA Y HORA DE LA ÚLTIMA TRANSACCIÓN | |
| campo de control | 20220329144005.0 |
| 008 - DATOS DE LONGITUD FIJA--INFORMACIÓN GENERAL | |
| campo de control de longitud fija | 140121s2013 flua |r| |||1|||eng d |
| 010 ## - NÚMERO DE CONTROL DE LA BIBLIOTECA DEL CONGRESO | |
| Número de control de LC | 104733 |
| 011 ## - ENLACE DEL NUMERO DE CONTROL DE LA BIBLIOTECA DEL CONGRESO [OBSOLETO] | |
| Número de control de LC | 105705 |
| 020 ## - NÚMERO INTERNACIONAL ESTÁNDAR DEL LIBRO | |
| Número Internacional Estándar del Libro | 9781466567214 |
| 040 ## - FUENTE DE LA CATALOGACIÓN | |
| Centro/agencia transcriptor | CHAP |
| 082 04 - NÚMERO DE LA CLASIFICACIÓN DECIMAL DEWEY | |
| Número de clasificación | 615.902 |
| Número de documento/Ítem | P57 |
| 100 1# - ENTRADA PRINCIPAL--NOMBRE DE PERSONA | |
| Nombre de persona | Philp, Richard B. |
| 9 (RLIN) | 125207 |
| 245 10 - MENCIÓN DE TÍTULO | |
| Título | Ecosystems and human health : |
| Resto del título | toxicology and environmental hazards / |
| Mención de responsabilidad, etc. | por Richard B. Philp. |
| 250 ## - MENCIÓN DE EDICIÓN | |
| Mención de edición | 3 ed. |
| 260 ## - PUBLICACIÓN, DISTRIBUCIÓN, ETC. | |
| Lugar de publicación, distribución, etc. | Boca Raton : |
| Nombre del editor, distribuidor, etc. | CRC Press, |
| Fecha de publicación, distribución, etc. | c2013. |
| 300 ## - DESCRIPCIÓN FÍSICA | |
| Extensión | xix, 418 p. : |
| Otras características físicas | il., gráfs., diags., laminas, tablas. |
| 590 ## - NOTA LOCAL (RLIN) | |
| Nota local | E11695DGD |
| Procedencia (VM) [OBSOLETO] | 10 |
| Condición del los carretes individuales (VM) [OBSOLETO] | 20140122 |
| -- | UCH01 |
| -- | 0903 |
| 590 ## - NOTA LOCAL (RLIN) | |
| Nota local | E6096MTM |
| Procedencia (VM) [OBSOLETO] | 05 |
| Condición del los carretes individuales (VM) [OBSOLETO] | 20140121 |
| -- | UCH01 |
| -- | 1335 |
| 650 14 - PUNTO DE ACCESO ADICIONAL DE MATERIA--TÉRMINO DE MATERIA | |
| Término de materia o nombre geográfico como elemento de entrada | Agua |
| Subdivisión general | Abastecimiento. |
| 9 (RLIN) | 2223 |
| 650 14 - PUNTO DE ACCESO ADICIONAL DE MATERIA--TÉRMINO DE MATERIA | |
| Término de materia o nombre geográfico como elemento de entrada | Ingeniería ambiental. |
| 9 (RLIN) | 58207 |
| 650 14 - PUNTO DE ACCESO ADICIONAL DE MATERIA--TÉRMINO DE MATERIA | |
| Término de materia o nombre geográfico como elemento de entrada | Medio ambiente |
| Subdivisión general | Investigación. |
| 9 (RLIN) | 74093 |
| 650 14 - PUNTO DE ACCESO ADICIONAL DE MATERIA--TÉRMINO DE MATERIA | |
| Término de materia o nombre geográfico como elemento de entrada | Salud animal |
| 9 (RLIN) | 101809 |
| 650 14 - PUNTO DE ACCESO ADICIONAL DE MATERIA--TÉRMINO DE MATERIA | |
| Término de materia o nombre geográfico como elemento de entrada | Toxicología ambiental. |
| 9 (RLIN) | 125192 |
| 901 ## - ELEMENTOS DE DATOS A LOCAL LDA (RLIN) | |
| a | BK |
| 942 ## - ELEMENTOS DE PUNTO DE ACCESO ADICIONAL (KOHA) | |
| Tipo de ítem Koha | Libro |
| 942 ## - ELEMENTOS DE PUNTO DE ACCESO ADICIONAL (KOHA) | |
| Suprimir en OPAC | 0 |
| Estado de retiro | Estado de pérdida | Fuente del sistema de clasificación o colocación | Estado dañado | Restricciones de uso | No para préstamo | Código de colección | Localización permanente | Ubicación/localización actual | Ubicación en estantería | Fecha de adquisición | Información codificada de la localización en otra ubicación | Total de préstamos | Signatura topográfica completa | Código de barras | Fecha visto por última vez | Número de copia | Precio válido a partir de | Tipo de ítem Koha |
|---|---|---|---|---|---|---|---|---|---|---|---|---|---|---|---|---|---|---|
| Dewey Decimal Classification | Préstamo 15 días | General | Biblioteca Central | Biblioteca Central | Planta principal - Colección General | 21/01/2014 | LIBRO | 615.902 P57 | 33724002393611 | 31/12/2019 | c.2 | 31/12/2019 | Libro | |||||
| Dewey Decimal Classification | Préstamo 15 días | General | Biblioteca Central | Biblioteca Central | Planta principal - Colección General | 21/01/2014 | LIBRO | 615.902 P57 | 33724002394363 | 31/12/2019 | 31/12/2019 | Libro |
